书目信息 |
| 题名: |
行政程序证据制度研究
|
|
| 作者: | 王维民 编著 | |
| 分册: | ||
| 出版信息: | 北京 中国言实出版社 2014 |
|
| 页数: | 226页 | |
| 开本: | 24cm | |
| 丛书名: | ||
| 单 册: | ||
| 中图分类: | D925.313.4 | |
| 科图分类: | ||
| 主题词: | 行政诉讼--证据--司法制度--研究--中国 | |
| 电子资源: | ||
| ISBN: | 978-7-5171-0495-7 | |
| 000 | 01005nam0 2200241 450 | |
| 001 | 339582 | |
| 005 | 20150608162003.87 | |
| 010 | @a978-7-5171-0495-7@dCNY43.00 | |
| 100 | @a20140822d2014 em y0chiy50 ea | |
| 101 | 0 | @achi |
| 102 | @aCN@b110000 | |
| 105 | @ay z 000yy | |
| 106 | @ar | |
| 200 | 1 | @a行政程序证据制度研究@Axing zheng cheng xu zheng ju zhi du yan jiu@f王维民编著 |
| 210 | @a北京@c中国言实出版社@d2014 | |
| 215 | @a226页@d24cm | |
| 300 | @a当代社科研究文库 | |
| 330 | @a本书主要运用图表分析、实证分析、比较分析、分类分析等方法对行政程序证据制度相关问题进行了研究。全书分为理论篇、实践篇、域外篇、制度篇四篇, 内容包括: 行政程序证据的基本问题、行政程序证据制度的基础理论、我国行政程序证据制度的现实考察、域外行政程序证据制度分析、行政程序证据之取证制度、行政程序证据之举证制度等。 | |
| 606 | 0 | @a行政诉讼@x证据@x司法制度@x研究@y中国 |
| 690 | @aD925.313.4@v5 | |
| 701 | 0 | @a王维民@Awang wei min@c(女, @f1972)@4编著 |
| 801 | 0 | @aCN@b卓展宏图@c20150525 |
| 905 | @dD925.313.4@e511@f4 | |
| 行政程序证据制度研究/王维民编著.-北京:中国言实出版社,2014 |
| 226页;24cm |
| 当代社科研究文库 |
| ISBN 978-7-5171-0495-7:CNY43.00 |
| 本书主要运用图表分析、实证分析、比较分析、分类分析等方法对行政程序证据制度相关问题进行了研究。全书分为理论篇、实践篇、域外篇、制度篇四篇, 内容包括: 行政程序证据的基本问题、行政程序证据制度的基础理论、我国行政程序证据制度的现实考察、域外行政程序证据制度分析、行政程序证据之取证制度、行政程序证据之举证制度等。 |
| ● |
| 相关链接 |
|
|
|
|
正题名:行政程序证据制度研究
索取号:D925.313.4/511
 
预约/预借
| 序号 | 登录号 | 条形码 | 馆藏地/架位号 | 状态 | 备注 |
| 1 | 863254 | 208632540 | 第一样本阅览室/ [索取号:D925.313.4/511] | 在馆 | |
| 2 | 863255 | 208632559 | 第一借阅区/ [索取号:D925.313.4/511] | 在馆 | |
| 3 | 863256 | 208632568 | 第一借阅区/ [索取号:D925.313.4/511] | 在馆 | |
| 4 | 863257 | 208632577 | 密集书库-史法系/ [索取号:D925.313.4/511] | 在馆 |